| 000 | 01417cam a2200241 4500 | ||
|---|---|---|---|
| 001 | L158118 | ||
| 008 | 140703n2014 000 0 eng u | ||
| 020 | _a978178320497 | ||
| 035 | _a(Sirsi) u158118 | ||
| 041 | 0 | _aeng | |
| 110 | 2 |
_aRoyal Institution of Chartered Surveyors _94900 |
|
| 245 | 0 | 4 |
_aThe capital and rental valuation of hotels in Asia _h[electronic resource] |
| 250 | _a1st ed | ||
| 260 |
_aLondon _bRICS _c2014 |
||
| 490 | 0 | _aRICS Information Paper Asia | |
| 520 | _aProvides guidance on the valuation of hotels in Asia. Guidance relates to the valuation of an individual property or a number of properties, having regard to its trading potential. Includes properties valued on the basis that vacant possession is available as well as those to be valued as investments Deals with valuations of hotels as fully equipped and operational entities, licences, consents, certificates and permits, valuation for secured lending purposes and confidentiality issues. Guidance does not apply to countries in RICS South Asia Region which includes India, Sri Lanka, Bangladesh, Myanmar and Nepal. | ||
| 651 | 4 | _aASIA | |
| 651 | 4 | _aASEAN | |
| 690 |
_aCommercial property _96227 |
||
| 690 |
_aValuation _96273 |
||
| 856 | 4 | 0 |
_uhttps://www.rics.org/Global/Capital_and_rental_valuation_of_hotels_in_Asia_1st_edition_PGguidance_2014.pdf _zView the full document free of charge at www.rics.org. |
| 942 | _n0 | ||
| 999 |
_c115152 _d115152 |
||